000 01039nam a22002897a 4500
005 20240530110449.0
008 150503s2012 ua a g b 000 0 ara d
017 _a2009/20281
_bمصر . دار الكتب المصرية
020 _a9789776276864
040 _aEG-CaGPL
082 0 4 _221
_a182\
_bى ت
100 0 _aيوسف كرم.
245 1 0 _aتاريخ الفلسفة اليونانية /
_cتاليف يوسف كرم.
250 _aط2.
260 _aالقاهرة :
_bدار العالم العربى ،
_c2012.
300 _a379 ص ؛
_c24 سم.
504 _aببليوجرافية : ص 371 - 375
650 0 4 _aالفلسفة اليونانية .
650 0 4 _aالارسطية .
650 0 4 _aالاخلاق عند افلاطون .
650 0 4 _aالفلاسفة اليونانيون .
650 0 4 _aالفلسفة الرواقية .
650 0 4 _aالافلاطونية .
650 0 4 _aالفلسفة اليونانية
_xتاريخ .
942 _2ddc
_cBK
999 _c61208
_d61208